000 00469nam a22001937a 4500
003 MPLRDC
005 20220104142519.0
008 210129b ||||| |||| 00| 0 eng d
020 _a7-104-02417-4
082 _a193 WH v.2
100 _a王辉
245 _a哈佛家训全集
_c
250 _a一版一刷
260 _a中国
_b中国戏剧出版社
_c2006
300 _b266
490 _a哈佛成长智慧
650 _a家庭伦理
942 _cBK
_o193 WH v.2
999 _c31487
_d31477